|
|
|
|
| LEADER |
01492nam a2200421Ia 4500 |
| 001 |
EBC714019 |
| 003 |
MiAaPQ |
| 005 |
20200520144314.0 |
| 006 |
m o d | |
| 007 |
cr cn||||||||| |
| 008 |
100923s2011 enka sb 001 0 eng d |
| 010 |
|
|
|z 2010040649
|
| 020 |
|
|
|z 0203827791
|
| 020 |
|
|
|z 0415553970
|
| 020 |
|
|
|z 9780203827796
|
| 020 |
|
|
|z 9780415553971
|
| 035 |
|
|
|a (MiAaPQ)EBC714019
|
| 035 |
|
|
|a (Au-PeEL)EBL714019
|
| 035 |
|
|
|a (CaPaEBR)ebr10570473
|
| 035 |
|
|
|a (CaONFJC)MIL365959
|
| 035 |
|
|
|a (OCoLC)804663972
|
| 040 |
|
|
|a MiAaPQ
|c MiAaPQ
|d MiAaPQ
|
| 050 |
|
4 |
|a HC430.6
|b .R68 2011
|
| 245 |
0 |
0 |
|a Routledge handbook of South Asian economics
|h [electronic resource] /
|c edited by Raghbendra Jha.
|
| 246 |
3 |
|
|a Handbook of South Asian economics
|
| 260 |
|
|
|a Abingdon, Oxon ;
|a New York :
|b Routledge,
|c 2011.
|
| 300 |
|
|
|a xx, 327 p. :
|b ill.
|
| 490 |
1 |
|
|a Routledge handbooks
|
| 504 |
|
|
|a Includes bibliographical references and index.
|
| 533 |
|
|
|a Electronic reproduction. Ann Arbor, MI : ProQuest, 2015. Available via World Wide Web. Access may be limited to ProQuest affiliated libraries.
|
| 650 |
|
0 |
|a Economics
|z South Asia.
|
| 651 |
|
0 |
|a South Asia
|x Economic policy.
|
| 651 |
|
0 |
|a South Asia
|x Economic conditions.
|
| 655 |
|
4 |
|a Electronic books.
|
| 700 |
1 |
|
|a Jha, Raghbendra.
|
| 710 |
2 |
|
|a ProQuest (Firm)
|
| 830 |
|
0 |
|a Routledge handbooks.
|
| 856 |
4 |
0 |
|u https://ebookcentral.proquest.com/lib/matrademy/detail.action?docID=714019
|z Click to View
|